| 000 | 00970nam a2200277 i 4500 | ||
|---|---|---|---|
| 003 | DO-SdBNP | ||
| 005 | 20250625143646.0 | ||
| 007 | ta | ||
| 008 | 250625b2024 dr ||||| |||| 00| 0 spa d | ||
| 020 | _a9789945290882 | ||
| 040 |
_aDO-SdBNP _bspa _cBNPHU _erda |
||
| 082 |
_axxx _bR173 _222 |
||
| 100 | 1 |
_aRamírez Moreno, Coralis _d1951- _eautora _4aut. _987417 |
|
| 245 | 1 | 0 |
_aCatarsis del duelo y la alegría : _bescritos de una narradora artesanal / _cCoralis Ramírez ; prólogo, José Rafael Sosa |
| 250 | _aPrimera edición | ||
| 264 | 1 |
_aSanto Domingo : _bImpresora Soto castillo, _c2024. |
|
| 300 |
_a129 páginas ; _c22 cm. |
||
| 336 |
_atexto _btxt _2rdacontent |
||
| 337 |
_asin mediación _bn _2rdamedia |
||
| 338 |
_avolumen _bnc _2rdacarrier |
||
| 500 | _aIncluye datos biografícos de la autora en la solapa de la cubierta. | ||
| 590 | _aInventariado, 2025/ YL | ||
| 700 | 1 |
_aSosa, José Rafael _eprólogo _4pr. |
|
| 910 | _aYLockward | ||
| 942 |
_2ddc _cLBS1 |
||
| 999 |
_c58709 _d58709 |
||